|
|
|
|
| LEADER |
00000cam a2200000 7i4500 |
| 001 |
0000068160 |
| 005 |
20220105104235.0 |
| 008 |
161119 |
| 020 |
|
|
|a 3241600895
|
| 090 |
0 |
0 |
|a NS
|b ENG
|
| 245 |
1 |
0 |
|a Humpty Dumpty :
|b and some other funny people from mother goose
|c illustrated by Berta & Elmer Hader
|
| 260 |
|
|
|a New York :
|b Stanley Rosen Associates ,
|c 1992
|
| 300 |
|
|
|a [s.n.] :
|b Col.ill
|
| 500 |
|
|
|a Children age 4-6 years old (yellow)
|
| 650 |
|
0 |
|a Children's stories, English
|
| 650 |
|
0 |
|a Nursery rhymes
|x Juvenile literature
|
| 999 |
|
|
|a 0001042340
|b Book
|c Children Collection
|e Cawangan Segamat
|
| 999 |
|
|
|a 0001042341
|b Book
|c Children Collection
|e Cawangan Bandar Penawar
|